Beyer, Otto W. Deutsche Fenenwanderungen. : [könyvismertetés] /

Elmentve itt :
Bibliográfiai részletek
Szerző: Waldapfel János
További közreműködők: Beyer Otto Wilhelm
Dokumentumtípus: Cikk
Megjelent: 1895
Sorozat:Magyar pedagógia : a Magyar Tudományos Akadémia Pedagógiai Bizottságának folyóirata 4
Kulcsszavak:Iskolai kirándulás könyvismertetés, Nyári utazások
Online Access:http://misc.bibl.u-szeged.hu/7131
LEADER 00753nab a2200193 i 4500
001 misc7131
005 20191106144307.0
008 170607s1895 hu o 0|| hun d
022 |a 0025-0260 
040 |a SZTE Miscellanea Repozitórium  |b hun 
041 |a hun 
100 1 |a Waldapfel János 
245 1 0 |a Beyer, Otto W.  |h [elektronikus dokumentum] :  |b Deutsche Fenenwanderungen. : [könyvismertetés] /  |c  Waldapfel János 
260 |c 1895 
300 |a 583-585 
490 0 |a Magyar pedagógia : a Magyar Tudományos Akadémia Pedagógiai Bizottságának folyóirata  |v 4 
695 |a Iskolai kirándulás könyvismertetés, Nyári utazások 
700 0 1 |a Beyer Otto Wilhelm 
856 4 0 |u http://misc.bibl.u-szeged.hu/7131/1/mp_1895_0327_583-585.pdf  |z Dokumentum-elérés